| 000 | 00806 a2200169 4500 | ||
|---|---|---|---|
| 003 | Nust | ||
| 005 | 20230726133417.0 | ||
| 040 | _cNust | ||
| 082 | _a621.384,PEE | ||
| 100 |
_aPeel, H. I. F. _9113834 |
||
| 245 |
_aElements of Radio Engineering / _cH. I. F. Peel |
||
| 260 |
_aLondon _bCleaver-Hume _c1952 |
||
| 300 | _avii, 232 p. | ||
| 505 | _aThermionic Valves (Page-1), Alternating Currents (Page-24), The Triode Amplifier (Page-39,) Capacitance in A.C and D.C Circuits (Page-58), Inductance in A.C and D.C Circuits (Page-81), Power Supply Circuits (Page-104), Tuning Circuits (Page-117), Oscillator Circuits (Page-132), Detector Circuits (Page-147), The Complete Receiver (Page-158), Radio Measurements (Page-178), The Cathode-Ray Oscillograph (Page-196). | ||
| 650 | _aRadio | ||
| 942 |
_2ddc _cBKB |
||
| 999 |
_c183043 _d183043 |
||